000 00543nam a2200193Ia 4500
005 20250326145001.0
008 250326s9999 xx 000 0 und d
020 _a978-81-8152-188-2
037 _aTextbook
040 _aFMSL
_beng
_cFMSL
041 _aeng
_2eng
084 _aX3:74 P7
_qFMSL
100 _aPrasoon Y P
_9750427
245 0 _aBusiness communication: skills and techniques
_cPrasoon Y P
260 _aIndia
_bIndia, Book Enclave
_c2007
300 _a283p
942 _cTB
_hX3:74 P7
999 _c1305917
_d1305917